The South Pacific Tuna Treaty : next steps for renewal : hearing before the Subcommittee on Asia, the Pacific, and the Global Environment of the Committee on Foreign Affairs, House of Representatives, One Hundred Eleventh Congress, first session, April 2, 2009.

Bibliographic Details
Corporate Author: United States. Congress. House. Committee on Foreign Affairs. Subcommittee on Asia, the Pacific, and the Global Environment
Format: Government Document eBook
Language:English
Published: Washington : U.S. G.P.O., 2009.
Subjects:
Online Access:Electronic resource (PDF)

MARC

Tag First Indicator Second Indicator Subfields
LEADER 00000cam a22000001a 4500
001 in00004101774
005 20200117091413.0
006 m d f
007 cr bn mmmapmmp
008 091208s2009 dcu o f000 0 eng d
035 |a chdc201000350 
040 |a UMI  |c UMI  |d UtOrBLW 
042 |a pcc 
043 |a n-us---  |a ps----- 
074 |a 1017-A-07 
086 0 |a Y 4.F 76/1:111-38 
088 |a Serial no. 111-38 (United States. Congress. House. Committee on Foreign Affairs) 
110 1 |a United States.  |b Congress.  |b House.  |b Committee on Foreign Affairs.  |b Subcommittee on Asia, the Pacific, and the Global Environment.  |0 http://id.loc.gov/authorities/names/no2007057799 
245 1 4 |a The South Pacific Tuna Treaty :  |b next steps for renewal : hearing before the Subcommittee on Asia, the Pacific, and the Global Environment of the Committee on Foreign Affairs, House of Representatives, One Hundred Eleventh Congress, first session, April 2, 2009. 
264 1 |a Washington :  |b U.S. G.P.O.,  |c 2009. 
264 2 |a Washington :  |b For sale by the Supt. of Docs., U.S. G.P.O. 
300 |a iii, 35 pages, digital, PDF file. 
336 |a text  |b txt  |2 rdacontent 
337 |a computer  |b c  |2 rdamedia 
338 |a online resource  |b cr  |2 rdacarrier 
500 |a Shipping list number: 2010-0055-P. 
500 |a "Serial number 111-38." 
500 |a Record is based on bibliographic data in ProQuest Congressional Hearings Digital Collection. Reuse except for individual research requires license from ProQuest, LLC. 
500 |a Electronic resource. 
533 |a Electronic reproduction.  |b [Bethesda, Md.] :  |c ProQuest,  |d 2010.  |e digital, PDF file.  |n ProQuest U.S. Congressional Hearings Digital Collection.  |n Mode of access: World Wide Web via ProQuest website. 
538 |a System requirements: PDF reader software. 
650 0 |a Tuna fisheries  |x Law and legislation  |z United States. 
650 0 |a Tuna fisheries  |x Law and legislation  |z Oceania. 
651 0 |a United States  |x Foreign economic relations  |z Oceania. 
651 0 |a Oceania  |x Foreign economic relations  |z United States. 
776 0 8 |i Print version:   |a United States. Congress. House. Committee on Foreign Affairs. Subcommittee on Asia, the Pacific, and the Global Environment.  |t South Pacific Tuna Treaty  |w 9780160846380  |w 0160846382  |w (OCoLC)475520379 
776 0 8 |i Microfiche version:   |a United States. Congress. House. Committee on Foreign Affairs. Subcommittee on Asia, the Pacific, and the Global Environment.  |t South Pacific Tuna Treaty  |d [Bethesda, Md.] : ProQuest,[2010]  |o CIS 2010 H381-25  |w (ProQuest)cis01000804  
856 4 0 |u http://proxy.library.tamu.edu/login?url=http://search.proquest.com/congcomp/getdoc?HEARING-ID=HRG-2009-FOA-0038  |y Electronic resource (PDF)  |t 0 
998 |a cis01000804  
999 f f |s 87bfa675-73cd-309f-bd82-b7c92abd7c69  |i 1530fa29-101f-3b4b-83fe-ab0045bfaca8  |t 0 
952 f f |a Texas A&M University  |b College Station  |c Electronic Resources  |d Available Online  |t 0  |e Y 4.F 76/1:111-38  |h Superintendent of Documents classification 
998 f f |a Y 4.F 76/1:111-38  |t 0  |l Available Online